000
00352nam a2200133Ia 4500
008
231129s2006||||xx |||||||||||||| ||spa||
020
_a
978-958-8177-52-6
040
_b
spa
082
_a
R 918.6116 S231
245
0
_a
Santa Marta y la Sierra Nevada
260
_c
2006
264
_a
Ediciones Gamma
942
_2
ddc
_c
BKS
999
_c
24323
_d
24323